Lime Bar / (Record no. 174423)

000 -LEADER
fixed length control field 01034cam a2200325 a 4500
001 - CONTROL NUMBER
control field 12609009
003 - CONTROL NUMBER IDENTIFIER
control field Nust
005 - DATE AND TIME OF LATEST TRANSACTION
control field 20220830112644.0
008 - FIXED-LENGTH DATA ELEMENTS--GENERAL INFORMATION
fixed length control field 011204s2001 at 000 1 eng d
010 ## - LIBRARY OF CONGRESS CONTROL NUMBER
LC control number 2001391095
020 ## - INTERNATIONAL STANDARD BOOK NUMBER
International Standard Book Number 0141000856
020 ## - INTERNATIONAL STANDARD BOOK NUMBER
International Standard Book Number 978-0141000855
040 ## - CATALOGING SOURCE
Original cataloging agency ANL
Language of cataloging eng
Transcribing agency DLC
Modifying agency ANL
-- DLC
042 ## - AUTHENTICATION CODE
Authentication code lccopycat
043 ## - GEOGRAPHIC AREA CODE
Geographic area code u-at-ne
-- e-fr---
050 00 - LIBRARY OF CONGRESS CALL NUMBER
Classification number PR9619.3.C567
Item number L56 2001
082 00 - DEWEY DECIMAL CLASSIFICATION NUMBER
Classification number 823
Author Mark CON
100 1# - MAIN ENTRY--PERSONAL NAME
Personal name Condon, Matthew,
Dates associated with a name 1962-
9 (RLIN) 98654
245 10 - TITLE STATEMENT
Title Lime Bar /
Statement of responsibility, etc. Matt Condon.
260 ## - PUBLICATION, DISTRIBUTION, ETC.
Place of publication, distribution, etc. Ringwood, Vic. ;
-- New York :
Name of publisher, distributor, etc. Penguin Books,
Date of publication, distribution, etc. 2001.
300 ## - PHYSICAL DESCRIPTION
Extent 261 p. ;
Dimensions 20 cm.
500 ## - GENERAL NOTE
General note "A Penguin original"--P. [4] of cover.
650 #0 - SUBJECT ADDED ENTRY--TOPICAL TERM
Topical term or geographic name entry element Sales personnel
Form subdivision Fiction.
9 (RLIN) 98655
651 #0 - SUBJECT ADDED ENTRY--GEOGRAPHIC NAME
Geographic name Sydney (N.S.W.)
Form subdivision Fiction.
9 (RLIN) 98656
651 #0 - SUBJECT ADDED ENTRY--GEOGRAPHIC NAME
Geographic name France
Form subdivision Fiction.
9 (RLIN) 14130
655 #7 - INDEX TERM--GENRE/FORM
Genre/form data or focus term Love stories.
Source of term gsafd
906 ## - LOCAL DATA ELEMENT F, LDF (RLIN)
a 7
b cbc
c copycat
d 3
e ncip
f 20
g y-gencatlg
942 ## - ADDED ENTRY ELEMENTS (KOHA)
Source of classification or shelving scheme
Koha item type Book
Holdings
Withdrawn status Lost status Source of classification or shelving scheme Damaged status Not for loan Permanent Location Current Location Shelving location Date acquired Total Renewals Full call number Barcode Date last seen Copy number Price effective from Koha item type
          Central Library (CL) Central Library (CL) Fiction 01/25/2017 3 823 CON CL1767 06/10/2022 1 01/25/2017 Book
© 2023 Central Library, National University of Sciences and Technology. All Rights Reserved.